[Event "ROM-ch U18 Girls"]
[Site "Calimanesti Caciulata"]
[Date "2019.04.18"]
[Round "5"]
[White "Mos, Maria Magdalena"]
[Black "Minnich, Mihaela Cristiana"]
[Result "1/2-1/2"]
[WhiteElo "1524"]
[BlackElo "1348"]
[PlyCount "39"]
[EventDate "2019.04.15"]
[EventType "swiss"]
[EventRounds "9"]
[EventCountry "ROU"]
[SourceTitle "CBM 190 Extra"]
[Source "ChessBase"]
[SourceDate "2019.07.15"]
[SourceVersion "1"]
[SourceVersionDate "2019.07.15"]
[SourceQuality "1"]

1. e4 e5 2. Nf3 Nc6 3. d4 exd4 4. Nxd4 Bc5 5. Be3 Bb6 6. Bc4 Nf6 7. Nxc6 bxc6 8. Bxb6 cxb6 9. e5 Ne4 10. Qe2 Nc5 11. b4 Ne6 12. 0-0 0-0 13. Nc3 d5 14. exd6 Qxd6 15. a3 b5 16. Rad1 Qf4 17. Ba2 Ng5 18. Qd2 Qg4 19. Qe3 Be6 20. Rd4 1/2-1/2

[Event "ROM-ch U18 Girls"]
[Site "Calimanesti Caciulata"]
[Date "2019.04.17"]
[Round "4"]
[White "Minnich, Mihaela Cristiana"]
[Black "Cristocea, Gabriela"]
[Result "0-1"]
[WhiteElo "1348"]
[BlackElo "1724"]
[PlyCount "60"]
[EventDate "2019.04.15"]
[EventType "swiss"]
[EventRounds "9"]
[EventCountry "ROU"]
[SourceTitle "CBM 190 Extra"]
[Source "ChessBase"]
[SourceDate "2019.07.15"]
[SourceVersion "1"]
[SourceVersionDate "2019.07.15"]
[SourceQuality "1"]

1. e4 e6 2. d4 d5 3. Nd2 Nc6 4. Ngf3 Nf6 5. e5 Nd7 6. Nb3 a5 7. a4 b6 8. c3 Be7 9. Bf4 f6 10. exf6 Nxf6 11. Bb5 Bd7 12. 0-0 0-0 13. Re1 Ne4 14. Bg3 Nb8 15. Nbd2 Nxg3 16. fxg3 c6 17. Bd3 c5 18. dxc5 Bxc5+ 19. Kh1 Nc6 20. Bc2 h6 21. Nh4 Qc7 22. Rf1 Ne5 23. Bh7+ Kh8 24. Ng6+ Nxg6 25. Bxg6 e5 26. Nf3 Rf6 27. Nh4 Raf8 28. Bd3 e4 29. Be2 Qc6 30. g4 Rxf1+ 0-1

[Event "ROM-ch U18 Girls"]
[Site "Calimanesti Caciulata"]
[Date "2019.04.15"]
[Round "1"]
[White "Minnich, Mihaela Cristiana"]
[Black "Paraschiv, Petronela Alexandra"]
[Result "0-1"]
[WhiteElo "1348"]
[BlackElo "1842"]
[PlyCount "90"]
[EventDate "2019.04.15"]
[EventType "swiss"]
[EventRounds "9"]
[EventCountry "ROU"]
[SourceTitle "CBM 190 Extra"]
[Source "ChessBase"]
[SourceDate "2019.07.15"]
[SourceVersion "1"]
[SourceVersionDate "2019.07.15"]
[SourceQuality "1"]

1. e4 d6 2. d4 g6 3. Nc3 Bg7 4. Be3 a6 5. Qd2 b5 6. h4 h5 7. f3 Bh6 8. Bxh6 Nxh6 9. Nh3 Nd7 10. Ng5 c5 11. dxc5 Nxc5 12. 0-0-0 Bb7 13. Kb1 Rc8 14. Nd5 Na4 15. g3 Rc5 16. Qd4 0-0 17. Rh2 Bxd5 18. exd5 Nf5 19. Qf4 Nb6 20. Rhd2 Qa8 21. g4 Ng7 22. Qe4 Qb7 23. Be2 f5 24. gxf5 Rxf5 25. f4 Nc4 26. Rd4 Nb6 27. Bf3 Rc4 28. b3 Rc3 29. R4d3 Rxd3 30. Rxd3 a5 31. Rd1 a4 32. Ne6 Nxe6 33. Qxe6+ Kg7 34. Rg1 Rf6 35. Qe4 Kh6 36. Qe3 Kh7 37. Be4 Nxd5 38. Bxd5 Qxd5 39. Qxe7+ Rf7 40. Qg5 Qe4 41. Rf1 Rf5 42. Qg3 a3 43. Rg1 Rxf4 44. Re1 Qf5 45. Qg1 Rf2 0-1

[Event "ROM-ch U14 Girls"]
[Site "Calimanesti Caciulata"]
[Date "2016.04.23"]
[Round "7"]
[White "Minnich, Mihaela Cristiana"]
[Black "Dumitru, Silvia Alexandra"]
[Result "1-0"]
[WhiteElo "1393"]
[BlackElo "1067"]
[PlyCount "115"]
[EventDate "2016.04.18"]
[EventType "swiss"]
[EventRounds "9"]
[EventCountry "ROU"]
[SourceTitle "CBM 172 Extra"]
[Source "ChessBase"]
[SourceDate "2016.06.21"]
[SourceVersion "1"]
[SourceVersionDate "2016.06.21"]
[SourceQuality "1"]

1. e4 e5 2. Nf3 Nc6 3. Nc3 Nf6 4. Bb5 d6 5. d3 Bg4 6. h3 Bh5 7. Nd5 Be7 8. 0-0 Qd7 9. Nxe7 Qxe7 10. Bxc6+ bxc6 11. Qe2 0-0 12. Bg5 h6 13. Bh4 g5 14. Bg3 g4 15. hxg4 Bxg4 16. Qe3 Kh7 17. Nh4 Rg8 18. f3 Be6 19. Kf2 Nh5 20. Rh1 Rg5 21. Bh2 Rag8 22. Rag1 Qf6 23. c3 Ng3 24. Bxg3 Rxg3 25. Rh2 R8g5 26. d4 Bd7 27. Rgh1 Kg7 28. Qd3 Qf4 29. d5 c5 30. b4 cxb4 31. cxb4 f6 32. Qc3 Kg8 33. Qe3 c5 34. bxc5 dxc5 35. Qxf4 exf4 36. Rc1 Kf7 37. Rxc5 Ke7 38. Rc7 Kd6 39. Rxa7 Rg7 40. Ra6+ Ke5 41. a4 Bc8 42. Ra8 Bb7 43. Re8+ Kd6 44. Nf5+ Kd7 45. Nxg7 Rxg7 46. Rf8 Rg6 47. Rh4 Bc8 48. Rxf4 Kc7 49. R8xf6 Rg8 50. Rxh6 Bd7 51. Rf7 Kd8 52. a5 Bb5 53. a6 Ke8 54. Rb7 Kf8 55. a7 Be8 56. Rf6+ Bf7 57. Rfxf7+ Ke8 58. a8Q# 1-0

[Event "ROM-ch U14 Girls"]
[Site "Calimanesti Caciulata"]
[Date "2016.04.18"]
[Round "1"]
[White "Vornicescu, Maria Raluca"]
[Black "Minnich, Mihaela Cristiana"]
[Result "0-1"]
[WhiteElo "1001"]
[BlackElo "1393"]
[PlyCount "84"]
[EventDate "2016.04.18"]
[EventType "swiss"]
[EventRounds "9"]
[EventCountry "ROU"]
[SourceTitle "CBM 172 Extra"]
[Source "ChessBase"]
[SourceDate "2016.06.21"]
[SourceVersion "1"]
[SourceVersionDate "2016.06.21"]
[SourceQuality "1"]

1. d4 d5 2. Bf4 Nf6 3. Nf3 Bg4 4. e3 h6 5. Be2 e6 6. Nbd2 Bd6 7. Bxd6 Qxd6 8. h3 Bh5 9. 0-0 0-0 10. Ne5 Bg6 11. Nxg6 fxg6 12. Bf3 Nbd7 13. e4 dxe4 14. Nxe4 Qe7 15. Nxf6+ Rxf6 16. Bxb7 Rb8 17. Bc6 Rxb2 18. Bxd7 Qxd7 19. Qd2 e5 20. Qc3 Qxd4 21. Qxd4 exd4 22. Rfd1 c5 23. c3 dxc3 24. Rdc1 Rfxf2 25. Rxc3 Rxg2+ 26. Kf1 Rh2 27. Kg1 Rbc2 28. Rb3 Rxa2 29. Rxa2 Rxa2 30. Rb8+ Kh7 31. Rc8 Ra5 32. Kf2 Rb5 33. Ke2 a5 34. Kd2 a4 35. Kc2 a3 36. Rxc5 Rxc5+ 37. Kb1 Rc3 38. Ka1 g5 39. Ka2 Rxh3 40. Ka1 g4 41. Ka2 Rf3 42. Kb1 Rf2 0-1

[Event "ROM-ch U14 Girls"]
[Site "Calimanesti"]
[Date "2015.04.02"]
[Round "5"]
[White "Minnich, Mihaela Cristiana"]
[Black "Panainte, Andreea Bianca"]
[Result "0-1"]
[WhiteElo "1135"]
[BlackElo "1791"]
[PlyCount "57"]
[EventDate "2015.03.30"]
[EventType "swiss"]
[EventRounds "9"]
[EventCountry "ROU"]
[SourceTitle "CBM 165 Extra"]
[Source "ChessBase"]
[SourceDate "2015.04.21"]
[SourceVersion "1"]
[SourceVersionDate "2015.04.21"]
[SourceQuality "1"]

1. e4 e6 2. Bc4 d5 3. exd5 exd5 4. Bb3 c5 5. Nf3 Nf6 6. Ba4+ Bd7 7. Bxd7+ Nbxd7 8. d3 Bd6 9. Be3 0-0 10. 0-0 Qb6 11. b3 Qc7 12. Nbd2 h6 13. d4 b6 14. c4 Rfe8 15. Qc2 Ng4 16. g3 Nxe3 17. fxe3 Rxe3 18. Rae1 Rxe1 19. Rxe1 cxd4 20. Nxd4 dxc4 21. Nxc4 Bc5 22. Qe4 Rd8 23. Kg2 Nf6 24. Nb5 Qd7 25. Qe5 Qxb5 26. Qc7 Qd7 27. Qxd7 Nxd7 28. Kh1 b5 29. Ne5 0-1

[Event "ROM-ch U14 Girls"]
[Site "Calimanesti"]
[Date "2015.04.01"]
[Round "3"]
[White "Uzuneanu, Gabriela"]
[Black "Minnich, Mihaela Cristiana"]
[Result "0-1"]
[WhiteElo "1394"]
[BlackElo "1135"]
[PlyCount "44"]
[EventDate "2015.03.30"]
[EventType "swiss"]
[EventRounds "9"]
[EventCountry "ROU"]
[SourceTitle "CBM 165 Extra"]
[Source "ChessBase"]
[SourceDate "2015.04.21"]
[SourceVersion "1"]
[SourceVersionDate "2015.04.21"]
[SourceQuality "1"]

1. e4 e5 2. Nf3 Nc6 3. Nc3 Bc5 4. Bc4 Nf6 5. d3 0-0 6. 0-0 d6 7. Be3 Bb6 8. Na4 Bg4 9. h3 Bh5 10. Nxb6 axb6 11. Kh2 Nd4 12. Bxd4 exd4 13. Rg1 c5 14. g4 Bg6 15. Kg2 d5 16. exd5 Nxd5 17. h4 h6 18. Kf1 Re8 19. h5 Bh7 20. g5 hxg5 21. Rxg5 Qd7 22. Bxd5 Kf8 0-1